| 000 | 00466nam a2200193Ia 4500 | ||
|---|---|---|---|
| 008 | 170918s9999 xx 000 0 und d | ||
| 020 | _a9780545662543 | ||
| 050 | _bP295 2012 | ||
| 100 | _aPatel, Sanjay | ||
| 245 | _aGanesha's sweet tooth / | ||
| 245 | _cSanjay Patel and Emily Haynes. | ||
| 260 | _aNew York : | ||
| 260 | _bScholastic, | ||
| 260 | _c2012 | ||
| 300 | _aunpaged : | ||
| 300 | _bcolored illustration ; | ||
| 300 | _c22cm. | ||
| 500 | _a580 | ||
| 999 |
_c341714 _d341714 |
||